00458nam a2200181Ia 4500003000400000005001700004008004100021020001800062040000700080041000800087082002200095100004100117245004500158250000600203260003800209300001600247365001300263OSt20230413104717.0210423s2011 xx 000 0 und d a9780074620250 cAL aeng a543.0858 BANC223 aBANWELL (Colin N);MCCASH (Elaine M). aFundamentals of molecular spectroscopy . a4 aNew DelhibTata McGraw-hillc2011 axii,308bPB b250cINR